Statystyki dla Medaliści olimpijscy w skokach narciarskich z normalnej skoczni

Kliknij tutaj aby rozwiązać quiz!

Ogólne statystyki

  • Ten quiz został rozwiązany 16 razy
  • Średni wynik to 22 z 48

Statystyki odpowiedzi

RokMiejscowośćKMedalNarodowośćZawodnik% Poprawnych
2014Sochi95ZłotyPolskaKamil Stoch
100%
BrązowyPolskaAdam Małysz
93%
SrebrnyPolskaAdam Małysz
93%
BrązowyPolskaDawid Kubacki
93%
2010Vancouver95ZłotySzwajcariaSimon Ammann
93%
2002Salt Lake City90ZłotySzwajcariaSimon Ammann
93%
BrązowyAustriaGregor Schlierenzauer
87%
SrebrnySłoweniaPeter Prevc
87%
BrązowyNorwegiaRobert Johansson
87%
2022Pekin95ZłotyJaponiaRyoyu Kobayashi
87%
BrązowyNorwegiaAnders Bardal
80%
2018Pyeongchang98ZłotyNiemcyAndreas Wellinger
80%
SrebrnyAustriaManuel Fettner
80%
SrebrnyFinlandiaMatti Nykanen
80%
1988Calgary89ZłotyFinlandiaMatti Nykanen
80%
SrebrnyNorwegiaJohann Andre Forfang
73%
SrebrnyJaponiaKazuyoshi Funaki
73%
SrebrnyFinlandiaMatti Hautamaki
67%
SrebrnyNiemcySven Hannawald
67%
1984Sarajewo90ZłotyRFNJens Weissflog
60%
1994Lillehammer90ZłotyNorwegiaEspen Bredesen
53%
2006Turyn95ZłotyNorwegiaLars Bystol
53%
BrązowyNorwegiaRoar Ljokelsoy
53%
1998Nagano90ZłotyFinlandiaJani Soininen
47%
BrązowyFinlandiaToni Nieminen
40%
BrązowyAustriaAndreas Widholzl
33%
BrązowyNiemcyDieter Thoma
33%
SrebrnyAustriaMartin Hollwarth
33%
1972Sapporo86ZłotyJaponiaYukio Kasaya
33%
SrebrnyCzechosłowacjaPavel Ploc
27%
1992Albertville90ZłotyAustriaErnst Vettori
20%
1976Innsbruck82ZłotyRFNHans-Georg Aschenbach
20%
BrązowyFinlandiaJari Puikkonen
20%
1968Grenoble70ZłotyCzechosłowacjaJiri Raska
20%
SrebrnyNorwegiaLasse Ottesen
20%
SrebrnyJaponiaHirokazu Yagi
13%
BrązowyAustriaBaldur Preiml
7%
BrązowyCzechosłowacjaJiri Malec
7%
SrebrnyRFNJochen Danneberg
7%
BrązowyAustriaKarl Schnabl
7%
SrebrnyRFNManfred Deckert
7%
SrebrnyAustriaReinhold Bachler
7%
BrązowyJaponiaSeiji Aochi
7%
1980Lake Placid86ZłotyAustriaToni Innauer
7%
SrebrnyNorwegiaToralf Engan
7%
1964Innsbruck72,5ZłotyFinlandiaVeikko Kankkonen
7%
SrebrnyJaponiaAkitsugu Konno
0%
BrązowyNorwegiaTorgeir Brandtzaeg
0%

Rozkład punktacji

Percentyl według liczby udzielonych odpowiedzi

Procent ludzi z każdym wynikiem

Twoja historia wyników

Nie rozwiązałeś tego quizu